01019nam a22002177a 4500003000800000008004100008037000800049040003500057041000800092080001100100100003100111245020200142260007800344300002000422502011900442650006900561650007100630655002300701700003400724710004300758BI-BuBU260604b2025 bd fr|||| 000 0 fre d bDON aBI-BuBUbfrecBI-BuBUdBI-BuBU0 afre a343.231 4aut.aNdacayisaba, Venuste10aApproche analytique des conditions de travail des agents de sécurité au sein des sociétés de gardiennage et de surveillage au Burundic Venuste Ndacayisaba ,Melchicedec Nduwayezu, directeur aBujumburabUniversité du Burundi, Faculté des Sciences Humainesc2025 aX-84 f.c30 cm. aMémoire présenté et soutenu publiquement en vue de l'obtention du diplôme de master en Socio-Anthropologie 72BI-BuBUaAgent (Securité )xsocieté de Gardiennage.zBI-BuBU 72BI-BuBUaAgent ( Sécurité)xsocieté de SurveillancezBI-BuBU 72BI-BuBUamémoire 4aut.a Nduwayezu, Melchicedec 4aut.a Faculté des Sciences Humaines